| 000 | 00347nam a22001577a 4500 | ||
|---|---|---|---|
| 003 | SGT | ||
| 020 | _a978-93-560-6266-5 | ||
| 082 |
_a658.8 _bKOT |
||
| 100 | _aKOTLER, PHILIP | ||
| 245 | _aMARKETING MANAGEMENT | ||
| 250 | _a16TH | ||
| 260 |
_aINDIA _bPEARSON _c2023 |
||
| 300 | _a596 | ||
| 650 | _aMARKETING MANAGMENT | ||
| 942 |
_2ddc _cBK _015 |
||
| 999 |
_c25728 _d25728 |
||